व्यंकटेश माडगुळकर माणदेशी माणुस आणि कलांवंत (Record no. 69268)

MARC details
000 -LEADER
fixed length control field 00713nam a2200157Ia 4500
008 - FIXED-LENGTH DATA ELEMENTS--GENERAL INFORMATION
fixed length control field 090123s9999 xx 000 0 und d
082 ## - DEWEY DECIMAL CLASSIFICATION NUMBER
Item number 31209
245 ## - TITLE STATEMENT
Title व्यंकटेश माडगुळकर माणदेशी माणुस आणि कलांवंत
250 ## - EDITION STATEMENT
Edition statement 1
260 ## - PUBLICATION, DISTRIBUTION, ETC. (IMPRINT)
Name of publisher, distributor, etc शब्द प्रकाशन
Date of publication, distribution, etc 2000
300 ## - PHYSICAL DESCRIPTION
Extent 190
630 ## - SUBJECT ADDED ENTRY--UNIFORM TITLE
Uniform title व्यंकटेश माडगुळकर माणदेशी माणुस आणि कलांवंत
700 ## - ADDED ENTRY--PERSONAL NAME
Personal name हातकणंगलेकर म.द.
730 ## - ADDED ENTRY--UNIFORM TITLE
Uniform title व्यंकटेश माडगुळकर माणदेशी माणुस आणि कलांवंत
942 ## - ADDED ENTRY ELEMENTS (KOHA)
Koha item type Book
Holdings
Withdrawn status Lost status Damaged status Not for loan Home library Current library Date acquired Cost, normal purchase price Total Checkouts Full call number Barcode Date last seen Cost, replacement price Price effective from Koha item type
        Jawahar Wachalanalaya, Kalwa Jawahar Wachalanalaya, Kalwa 03/31/2002 125.00   31209 KLW-31209 01/23/2009 125.00 01/23/2009 Book